• 首页
  • 本馆介绍
  • 公告通知
  • 最新文献
  • 馆藏检索
  • 电子资源
  • 读者导购
  • 参考咨询
  • 我的图书馆
  • 登录
  • 详细信息显示
  • 放入我的书架
  • 预约/预借图书
  • 作者相关作品
  • 分类相关作品
  • 丛书相关作品
  • 出版社相关作品

书目信息

  • 表格格式
  • 工作单格式
  • 卡片格式
题名:
劳动价值学说的研究
    
 
作者: 米克 著 ;陈彪如 译
分册:  
出版信息: 北京   商务印书馆  1963.1
页数: 341页
开本: 19cm
丛书名:
单 册:
中图分类: F240
科图分类:
主题词: 劳动经济
电子资源:
ISBN:
000 00594nam0 2200217 45
001 0303260830
005 20031219104107.6
010    @dCNY1.15
091    @a4017.51
100    @a20030326d1963 km y0chiy0120 ea
101 0  @achi
105    @a z 000yy
200 1  @a劳动价值学说的研究@ALao Dong Jia Zhi Xue Shuo De Yan Jiu@f(英)米克著@F(Ying)Mi Ke Zhu@g陈彪如译
210    @a北京@c商务印书馆@d1963.1
215    @a341页@d19cm
606 0  @a劳动经济
690    @aF240@v3
701  0 @a米克@4著
702  0 @a陈彪如@AChen Biao Ru@4译
801    @aCN@bTSTC@c20030326
905    @f1@b25027@dF240@e2
    
    劳动价值学说的研究/(英)米克著/陈彪如译.-北京:商务印书馆,1963.1
    341页;19cm
    
    
    ISBN :CNY1.15
    
●
相关链接 在E读中查询图书 在五车中查询图书 在当当中查询图书 在豆瓣中查询图书


正题名:劳动价值学说的研究     索取号:F240/2         预约/预借

序号 登录号 条形码 馆藏地/架位号 状态 备注
1 0025024   000209928   第一样本阅览室/ [索取号:F240/2] 在馆    
2 0025027   001776322   密集书库/ [索取号:F240/2] 在馆    
唐山师范学院图书馆 欢迎您!
大连网信软件有限公司© 版权所有